banner-ar

مارتى تونج حياته وعصره / (Record no. 38179)

MARC details
000 -الفاتح
حقل البيانات ثابتة الطول 00549nam a2200193Ia 4500
008 - عناصر البيانات ثابتة الطول - معلومات عامة
حقل البيانات ثابتة الطول 140319s9999 xx 000 0 ara d
040 ## - مصدر الفهرسة
وكالة الفهرسة الأصلية GCL /
وكالة النسخ GCL
082 04 - رقم تصنيف ديوى العشرى
رقم التصنيف 951.042
رقم المادة ر م
100 1# - المدخل الرئيسى - إسم شخصى
الإسم الشخصى هايتى روى جريجور
245 10 - بيان العنوان
العنوان مارتى تونج حياته وعصره /
بيان المسئوليه,etc هايتى روى جريجور
300 ## - الوصف المادى
التعداد 130 ص
490 ## - بيان السلسلة
عنوان السلسلة مذاهب وشخصيات
رقم المجلد/ التعيين التسلسلي 0
650 04 - المدخل الاضافى بالموضوع-مصطلح موضوعى
مصطلح موضوعي التراجم
650 04 - المدخل الاضافى بالموضوع-مصطلح موضوعى
مصطلح موضوعي الصين
650 04 - المدخل الاضافى بالموضوع-مصطلح موضوعى
مصطلح موضوعي مارتى تونج
650 04 - المدخل الاضافى بالموضوع-مصطلح موضوعى
مصطلح موضوعي الصين - تاريخ
942 ## - عناصر المدخل الإضافي( كوها)
مصدر التصنيف او مخطط الترفيف Dewey Decimal Classification
Koha [default] item type كتاب
Holdings
حالة التراجع حالة الفقد حالة تلف ليس للاعارة المكان المؤقت الموقع الحالى تاريخ الاكتساب اجمالي اﻻعارات رقم الطلب الباركود تاريخ اخر مشاهدة تاريخ تفعيل السعر نوع وعاء كوها
        مكتبة القاهرة الكبرى مكتبة القاهرة الكبرى 03/26/2014   951.042\ر م 93228 03/26/2014 03/26/2014 كتاب

Powered By

EGPV